Zara Phir Se Kahna (Record no. 6820)
| 000 -LEADER | |
|---|---|
| fixed length control field | 00365nam a22001337a 4500 |
| 020 ## - INTERNATIONAL STANDARD BOOK NUMBER | |
| ISBN | 9789693527025 |
| 082 ## - DEWEY DECIMAL CLASSIFICATION NUMBER | |
| Classification number | 891.4391 |
| 100 ## - MAIN ENTRY--AUTHOR NAME | |
| Personal name | Amjad, Amjad Islām |
| 245 ## - TITLE STATEMENT | |
| Title | Zara Phir Se Kahna |
| Statement of responsibility | Amjad Islām Amjad |
| 260 ## - PUBLICATION, DISTRIBUTION, ETC. (IMPRINT) | |
| Place of publication | Lahore |
| Name of publisher | Sang-e-Meel Publications |
| Year of publication | 2014 |
| 300 ## - PHYSICAL DESCRIPTION | |
| Number of Pages | 136 Pages |
| Other physical details | 13x21 cm |
| -- | HB |
| 650 ## - SUBJECT ADDED ENTRY--TOPICAL TERM | |
| Topical Term | Urdu literature--poety |
| -- | Urdu poetry |
| 942 ## - ADDED ENTRY ELEMENTS (KOHA) | |
| Koha item type | Books |
| Withdrawn status | Lost status | Collection code | Permanent Location | Current Location | Shelving location | Date acquired | Source of acquisition | Cost, normal purchase price | Full call number | Accession Number | Koha item type |
|---|---|---|---|---|---|---|---|---|---|---|---|
| Non-fiction | Garrison Public Library Multan | Garrison Public Library Multan | General Stacks | 2016-12-28 | CRV/GPLM/5/2016 | 300.00 | 891.4391 A517Z 2014 | 19569 | Books |
